01618nam a2200397 i 4500001000700000003000800007005001700015006001900032007001500051008004100066035002300107035002400130035002500154035002200179040003100201050002100232080000800253082001400261100003400275245025800309264006400567300004100631336003100672337003300703338004300736500002300779504004300802588012900845650002700974650004101001650002901042650003001071655002701101700003001128856006201158146604FlNmELB20241217182148.0m o d | cr cnu||||||||170908s2014 ck ob 001 0 spa d a(MiAaPQ)EBC4909274 a(Au-PeEL)EBL4909274 a(CaPaEBR)ebr11410802 a(OCoLC)1105492529 aFINmELBbspaerdacFINmELB 4aTS155bB642 2014 a6580 a658.52231 aBlandón López, Alexander.10aEfectividad del proceso de política y relevancia de los acuerdos de cooperación público-privada para promover la competitividad de la cadena de valor algodón-textil-confecciones del Tolima /cAlexander Blandón López, Janeth González Rubio. 1aIbagué :bSello Editorial Universidad del Tolima,c[2014] a1 recurso en línea (169 páginas) atextobtxt2rdacontent/spa acomputadorabc2rdamedia/spa arecurso en líneabcr2rdacarrier/spa aContiene índice. aContiene referencias bibliográficas. aDescripción basada en recurso en línea; Título de la página del título en PDF (e-libro, visto September 08, 2017). 0aProduction management. 4aAdministración de la producción. 0aIndustrial productivity. 4aProductividad industrial. 4aLibros electrónicos.1 aGonzález Rubio, Janeth.40uhttps://elibro.net/ereader/politecnicointernacional/71030